000 00283pab a2200121 454500
008 180718b xxu||||| |||| 00| 0 eng d
100 _aPandey, H.K
245 _aHealth and health education
650 _a Education
650 _aHealth Services
773 _aCivic Affairs
909 _a2863
999 _c2863
_d2863